Normal view
MARC view
- Engan Kaihatsu Gijutsu Kenkyū Sentā (Japan)
Entry Corporate Name
001 - CONTROL NUMBER
- control field: 44029
003 - CONTROL NUMBER IDENTIFIER
- control field: NUST
005 - DATE AND TIME OF LATEST TRANSACTION
- control field: 20210314132847.0
008 - FIXED-LENGTH DATA ELEMENTS
- fixed length control field: 210314|| aca||aabn | a|a d
040 ## - CATALOGING SOURCE
- Original cataloging agency: NUST
- Transcribing agency: NUST
110 ## - HEADING--CORPORATE NAME
- Corporate name or jurisdiction name as entry element: Engan Kaihatsu Gijutsu Kenkyū Sentā (Japan)
670 ## - SOURCE DATA FOUND
- Source citation: Work cat.: (NUST): Handbook on liquefaction remediation of reclaimed land /, 1997.
